000 00706nam a2200229Ia 4500
008 160418s9999 xx 000 0 und d
020 _a971-921-05-5-9
050 _aFIL PL 6051
050 _b.G55 2002 c.2
100 _aGlinofria, Maurita L.
245 _aHasik II :
245 _bwika at panitikan : batayang aklat /
245 _cMaurita L. Glinofria, Francisca C. Francia, Concepcion S. Quinto.
260 _aMakati City:
260 _bCoga Pub. House Inc.,
260 _c2002
300 _a402 pages :
300 _billustrations ;
300 _c25 cm.
650 _aFilipino language -- Study and teaching (Higher).
650 _xFilipino language -- Rhetoric -- Study and teaching.
999 _c293419
_d293419